| 000 | 04087nam0a2200409 4500 | ||
|---|---|---|---|
| 001 | RU\NLR\BIBL_A\012901929 | ||
| 005 | 20221222145409.0 | ||
| 010 |
_a978-5-9734-0396-6 _9300 |
||
| 021 |
_aRU _bКН-П-22-054390 _9КН-П-22-4717 |
||
| 035 | _a(NLR Aleph) 012901929 | ||
| 035 | _a(RuMoRGB)011179802 | ||
| 090 |
_a12583782 _c12583782 |
||
| 100 | _a20221004d2022 u y0rusy50 ca | ||
| 101 | 0 | _arus | |
| 102 | _aRU | ||
| 105 | _aa j 000zy | ||
| 181 | 0 |
_ai3 _baxxe |
|
| 182 | 0 | _an | |
| 200 | 1 |
_aМетодика проведения подготовительной части урока физической культуры с гимнастической направленностью _eучебное пособие _eдля преподавателей и студентов очного и заочного отделения факультетов физической культуры _fА. М. Цыгановский, Е. А. Цыбина, О. Н. Шкитырь [и др.] _gМинобрнауки России, Федеральное государственное бюджетное образовательное учреждение высшего образования "Брянский государственный университет имени И. Г. Петровского" (БГУ), Институт педагогики и психологии, Факультет физической культуры |
|
| 203 |
_aТекст _bвизуальный _cнепосредственный |
||
| 210 |
_aБрянск _cРИСО БГУ _d2022 |
||
| 215 |
_a130 с. _cил. _d20 |
||
| 300 | _aАвт. указаны на обороте тит. с. | ||
| 320 | _aБиблиогр.: с. 127-130 (31 назв.) | ||
| 330 | _aВ учебном пособии дана подробная характеристика основных средств гимнастики, применяемых в подготовительной части урока. Представлен обязательный минимум знаний по терминологии строевых упражнений, которым необходимо уметь пользоваться учителю физической культуры. В сравнительно большом объеме (около 500 упражнений) представлен материал с терминологической записью разнообразных общеразвивающих упражнений, которые могут быть использованы не только на уроках в школе, но и в учебном процессе спортивно-педагогических дисциплин факультета физической культуры. Представлен авторский вариант конструирования общеразвивающих упражнений. Приводятся разнообразные подвижные игры и игровые задания, способствующие эффективному решению задач подготовительной части урока | ||
| 606 | 1 |
_aФизическая культура и спорт _xПреподавание _xСредняя школа _jУчебные издания _2nlr_sh2 _3RU\NLR\AUTH\661293959 |
|
| 675 |
_a37.016:796(075.8) _v4 |
||
| 686 | 1 | _aЧ426.73я7 | |
| 701 | 1 |
_aЦыгановский _bА. М. _gАндрей Михайлович |
|
| 701 | 1 |
_aЦыбина _bЕ.А. _gЕлена Афанасьевна |
|
| 701 | 1 |
_aШкитырь _bО. Н. _gОксана Николаевна |
|
| 712 | 0 | 2 |
_aБрянский государственный университет им. И. Г. Петровского _bИнститут педагогики и психологии _bФакультет физической культуры _3RU\NLR\AUTH\880518572 _4570 |
| 942 | _cBOOK | ||
| 980 | _aNB | ||